000 00301nam a22001217a 4500
008 170703b xxu||||| |||| 00| 0 eng d
041 _aeng
080 _a82
100 _a22
101 _aGJL
245 _aHIGHER THE ACADENIC LEFT AND ITS QUARRELS WITH SCIENCE
_cGROOS.P.R
942 _2udc
_cBK
999 _c19861
_d19861